Geografía general del estado de Antioquia en Colombia (Registro nro. 318940)

Detalles MARC
000 -ENCABEZADO
Número de control [NR] 00838nam a2200229 a 4500
005 - FECHA Y HORA DE LA ÚLTIMA TRANSACCIÓN
control field 20210603134006.0
008 - DE LONGITUD FIJA DE DATOS DE ELEMENTOS - INFORMACIÓN GENERAL
Elementos de longitud fija [NR] 210531s1985 ck a|||gr|||| 00| 0 spa d
040 ## - FUENTE DE CATALOGACION [NR]
Agencia de catalogación original [NR] CO-BoUCM
Quien Cataloga Deissy Garcia
Quien Clasifica Deissy Garcia
041 0# - CODIGO DE IDIOMA [R]
Código de idioma para texto/pista de sonido o título separado [R] Español
100 1# - ASIENTO PRINCIPAL--NOMBRE PERSONAL [NR]
ID Autoridad 3076
Nombre personal [NR] Uribe Ángel, Manuel
245 10 - MENCION DE TITULO [NR]
Título [NR] Geografía general del estado de Antioquia en Colombia
Mención de responsabilidad, etc. [NR] Manuel Uribe Angel
250 ## - MENCION DE EDICION [NR]
Mención de edición [NR] 2a.Ed.
260 ## - PUBLICACION, DISTRIBUCION, ETC. (PIE DE IMPRENTA) [R]
Lugar de publicación, distribución, etc. [R] Medellín
Nombre del editor, distribuidor, etc. [R] Editora Nacional
Fecha de publicación, distribución, etc. [R] 1985
300 ## - DESCRIPCION FISICA [R]
Extensión [R] xv, 493 páginas
Otros detalles físicos [NR] ilustraciones
490 0# - MENCION DE SERIE [R]
Mención de serie [R] Autores Antioqueños
Designación numérica/secuencial del volumen [NR] 11
504 ## - NOTA DE BIBLIOGRAFIA, ETC. [R]
Nota de bibliografía, etc. [NR] Incluye referencias bibliográficas
651 1# - ASIENTO SECUNDARIO DE MATERIA - NOMBRE GEOGRAFICO [R]
Nombre geográfico [NR] Antioquia (Colombia)
Subdivisión general [R] Geografía
9 (RLIN) 103734
651 1# - ASIENTO SECUNDARIO DE MATERIA - NOMBRE GEOGRAFICO [R]
Nombre geográfico [NR] Antioquia (Colombia)
Subdivisión general [R] Descripción
9 (RLIN) 103735
651 1# - ASIENTO SECUNDARIO DE MATERIA - NOMBRE GEOGRAFICO [R]
Nombre geográfico [NR] Antioquia (Colombia)
Subdivisión general [R] Historia
9 (RLIN) 26770
942 ## - ELEMENTOS DE ENTRADA AGREGADOS (KOHA)
Tipo de ítem principal el descrito en 300a Libro
Sistema de clasificación DEWEY
Tema principal Historia
Edición 2
Clasificación 918.621
Parte restante de la signatura top. U762g
Título oculto en OPAC No
Existencias
Signatura topográfica Código de barras Última vez visto Volúmen / Fascículo Ejemplar Costo de reposición Price effective from Tipo de ítem Perdido Sistema de clasificación Dañado No prestable Tipo de ítem específico Suprimido Ubicación habitual Ubicación actual Localización Fecha de creación Forma de adquisición Costo
918.621 U762g 100167327 09/12/2025 2a.Ed. Ej.1 26000.00 27/05/2021 Libro   DEWEY     Libro   Claustro Claustro 2do piso 27/05/2021 Donación 0.00